| 000 | 00793nam a22001817a 4500 | ||
|---|---|---|---|
| 003 | OSt | ||
| 005 | 20260327131054.0 | ||
| 008 | 260327b |||||||| |||| 00| 0 eng d | ||
| 040 | _c0 | ||
| 082 | _aDPer 907.9 J826 January-December 2016 v.62 | ||
| 100 |
_aBorrinaga, Rolando O. _eauthor. _970288 |
||
| 245 |
_aRomancing the Monreal Stones : _bTranscriptions, Decipherments, Translations, and Some Notes / _cRolando O Borrinaga |
||
| 260 |
_aUP, Diliman, Quezon City, Metro Manila, Philippines ; _bThe Philippine National Historical Society, Inc. , _cJanuary-December 2016. |
||
| 300 |
_avolume 62, pages 186-212 : _billustration ; _c24cm. |
||
| 500 | _aThe Journal of History, Vol. 62, Pages 186-212, January-December, 2016 | ||
| 700 |
_aBorrinaga, Rolando O. _eauthor. _970288 |
||
| 942 |
_2ddc _cPER |
||
| 999 |
_c24515 _d24515 |
||